[Event "IECG WC.2006.P.00007 email"]
[Site "IECG email"]
[Date "2003.01.22"]
[Round "?"]
[White "Brayman, Neal Zvi"]
[Black "Simenon, Stefan"]
[Result "1/2-1/2"]
[WhiteElo "1843"]
[BlackElo "2137"]
[PlyCount "33"]
[EventDate "2003.01.22"]
[EventType "tourn (corr)"]
[EventRounds "10"]
[SourceTitle "Corr 2008"]
[Source "ChessBase"]
[SourceDate "2008.06.24"]
[SourceVersion "1"]
[SourceVersionDate "2008.06.24"]
[SourceQuality "1"]

1. e4 c5 2. c3 d5 3. exd5 Qxd5 4. d4 Nf6 5. Nf3 g6 6. Qb3 cxd4 7. Bc4 Qe4+ 8. Kf1 e6 9. cxd4 Qf5 10. Bg5 Bg7 11. Nc3 a6 12. Re1 Nc6 13. d5 b5 14. Nxb5 axb5 15. Bxb5 0-0 16. dxc6 Rb8 17. Re5 1/2-1/2

[Event "IECG WC.2006.P.00007 email"]
[Site "IECG email"]
[Date "2003.01.22"]
[Round "?"]
[White "Simenon, Stefan"]
[Black "Aguilar, Sebastian"]
[Result "1/2-1/2"]
[WhiteElo "2137"]
[BlackElo "1550"]
[PlyCount "56"]
[EventDate "2003.01.22"]
[EventType "tourn (corr)"]
[EventRounds "10"]
[SourceTitle "Corr 2008"]
[Source "ChessBase"]
[SourceDate "2008.06.24"]
[SourceVersion "1"]
[SourceVersionDate "2008.06.24"]
[SourceQuality "1"]

1. d4 Nf6 2. c4 c5 3. d5 b5 4. cxb5 a6 5. bxa6 Bxa6 6. Nc3 g6 7. e4 Bxf1 8. Kxf1 d6 9. Nf3 Bg7 10. h3 Nbd7 11. Kg1 0-0 12. Kh2 Qa5 13. Re1 Rfb8 14. Re2 Ne8 15. Rc2 Nb6 16. Qe2 Qa6 17. Ne1 Qxe2 18. Rxe2 Nc7 19. f3 Nc4 20. Nd3 e6 21. dxe6 fxe6 22. a4 Rb3 23. Rc2 Na6 24. a5 Nb8 25. Ra4 Nxa5 26. Bf4 e5 27. Be3 Nbc6 28. Rd2 Rab8 1/2-1/2

[Event "IECG CA.2002.0.00066 email"]
[Site "IECG email"]
[Date "2002.08.16"]
[Round "?"]
[White "Simenon, Stefan"]
[Black "Vorobiev, Alexandr Vladimirov"]
[Result "0-1"]
[WhiteElo "2083"]
[BlackElo "2100"]
[PlyCount "100"]
[EventDate "2002.08.16"]
[EventType "tourn (corr)"]
[EventRounds "6"]
[SourceTitle "Corr 2008"]
[Source "ChessBase"]
[SourceDate "2008.06.24"]
[SourceVersion "1"]
[SourceVersionDate "2008.06.24"]
[SourceQuality "1"]

1. d4 Nf6 2. c4 g6 3. Nc3 Bg7 4. e4 d6 5. Nf3 0-0 6. Be2 e5 7. 0-0 Na6 8. Re1 Qe8 9. Be3 Ng4 10. Bg5 exd4 11. Nxd4 Qe5 12. Nf3 Qc5 13. Bh4 Be6 14. Qb3 Qb6 15. h3 Nh6 16. Qc2 f5 17. Ng5 Bd7 18. Nd5 Nb4 19. Qd2 Nxd5 20. exd5 Qxb2 21. Qxb2 Bxb2 22. Rab1 Bc3 23. Rec1 Bd2 24. Rd1 Bxg5 25. Bxg5 Nf7 26. Bf6 Rae8 27. Re1 b6 28. f4 Nd8 29. Ba1 Nb7 30. Bf3 Nc5 31. g3 Ba4 32. Bd4 Nd3 33. Re2 Rxe2 34. Bxe2 Bc2 35. Bxd3 Bxd3 36. Rc1 Kf7 37. Rc3 Bb1 38. Rc1 Be4 39. Rc3 Re8 40. Ra3 a5 41. Kf2 Bb1 42. Ba1 Re4 43. c5 bxc5 44. Rxa5 Bd3 45. Ra7 Re2+ 46. Kf3 Re7 47. a4 Be4+ 48. Kf2 Bxd5 49. a5 Ke6 50. Bc3 Kd7 0-1

[Event "Haarlem Nova College op 1st"]
[Site "Haarlem"]
[Date "2002.07.07"]
[Round "5"]
[White "Vroombout, Enrico"]
[Black "Simenon, Stefan"]
[Result "1/2-1/2"]
[WhiteElo "2141"]
[BlackElo "1981"]
[PlyCount "107"]
[EventDate "2002.07.05"]
[EventType "swiss"]
[EventRounds "6"]
[EventCountry "NED"]
[SourceTitle "CBM 089 Extra"]
[Source "ChessBase"]
[SourceDate "2002.09.10"]
[SourceVersion "2"]
[SourceVersionDate "2002.09.10"]
[SourceQuality "1"]

1. e4 c5 2. Nf3 d6 3. Be2 Nf6 4. c3 g6 5. d4 cxd4 6. Qxd4 Bg7 7. 0-0 Nc6 8. Qd3 0-0 9. h3 b6 10. Be3 Bb7 11. Nbd2 Rc8 12. Rad1 Nd7 13. Nd4 Nc5 14. Qb1 e5 15. N4b3 Qe7 16. Nxc5 dxc5 17. Nf3 f5 18. Bc4+ Kh8 19. exf5 gxf5 20. Rfe1 e4 21. Bf4 Ne5 22. Nxe5 Bxe5 23. Qc1 Bc6 24. g3 Rcd8 25. Bxe5+ Qxe5 26. Qh6 b5 27. Bf1 Bd5 28. Qf4 Qxf4 29. gxf4 Bc6 30. b4 Rg8+ 31. Kh2 c4 32. a4 a6 33. axb5 axb5 34. Bg2 Rd3 35. Rc1 Kg7 36. Re3 Kf6 37. Ra1 Ra8 38. Rxa8 Bxa8 39. Bf1 Rd2 40. Be2 Bc6 41. Kg3 Rc2 42. Bh5 Rc1 43. Kg2 Rc2 44. Kf1 Rd2 45. Be2 Rc2 46. Ke1 Rc1+ 47. Bd1 Be8 48. Kd2 Ra1 49. Rg3 Ra2+ 50. Ke3 Bf7 51. Rg1 Ra1 52. Rf1 Ra2 53. f3 Rh2 54. fxe4 1/2-1/2

[Event "IECG CA.2002.0.00052 email"]
[Site "IECG email"]
[Date "2002.05.21"]
[Round "?"]
[White "Simenon, Stefan"]
[Black "Szikora, Andras"]
[Result "1/2-1/2"]
[WhiteElo "2028"]
[BlackElo "2120"]
[PlyCount "59"]
[EventDate "2002.05.21"]
[EventType "tourn (corr)"]
[EventRounds "6"]
[SourceTitle "Corr 2008"]
[Source "ChessBase"]
[SourceDate "2008.06.24"]
[SourceVersion "1"]
[SourceVersionDate "2008.06.24"]
[SourceQuality "1"]

1. d4 Nf6 2. c4 c5 3. d5 e6 4. Nc3 exd5 5. cxd5 d6 6. Nf3 g6 7. e4 a6 8. a4 Bg4 9. Be2 Bxf3 10. Bxf3 Nbd7 11. 0-0 Bg7 12. Qc2 0-0 13. Bd2 Re8 14. a5 Qc7 15. h3 c4 16. Ra4 Ne5 17. Be2 Nfd7 18. Be3 Nc5 19. Bxc5 Qxc5 20. Nd1 Nd7 21. Qxc4 Qxc4 22. Rxc4 Nc5 23. f3 f5 24. Nf2 Bxb2 25. Rb1 Bg7 26. Nd3 fxe4 27. Nxc5 exf3 28. Bxf3 dxc5 29. Rxb7 Bd4+ 30. Kf1 1/2-1/2

[Event "IECG CA.2002.0.00052 email"]
[Site "IECG email"]
[Date "2002.05.21"]
[Round "?"]
[White "Werbrouck, Jean Michel"]
[Black "Simenon, Stefan"]
[Result "1-0"]
[WhiteElo "2000"]
[BlackElo "2028"]
[PlyCount "89"]
[EventDate "2002.05.21"]
[EventType "tourn (corr)"]
[EventRounds "6"]
[SourceTitle "Corr 2008"]
[Source "ChessBase"]
[SourceDate "2008.06.24"]
[SourceVersion "1"]
[SourceVersionDate "2008.06.24"]
[SourceQuality "1"]

1. e4 c5 2. Nf3 d6 3. Bb5+ Bd7 4. Bxd7+ Qxd7 5. c4 Nf6 6. Nc3 Nc6 7. 0-0 g6 8. d4 cxd4 9. Nxd4 Bg7 10. Nde2 0-0 11. f3 Rac8 12. Be3 b6 13. b3 Qb7 14. Qd2 Rfd8 15. Bg5 a6 16. Rfd1 b5 17. Rab1 e6 18. a3 b4 19. axb4 Qxb4 20. Bf4 Ne8 21. Bh6 Bh8 22. Bf4 Rb8 23. Rb2 Rb7 24. Rdb1 Rdb8 25. Be3 Rd7 26. Bf2 Nc7 27. Ra2 Qb7 28. Nd4 Nb4 29. Ra4 d5 30. exd5 exd5 31. cxd5 Ncxd5 32. Ne4 Rc8 33. Re1 Rdd8 34. Raa1 Ne7 35. Rac1 Rxc1 36. Rxc1 Nbc6 37. Rc4 Nxd4 38. Rxd4 Bxd4 39. Bxd4 f5 40. Nf6+ Kf7 41. Qc3 Nd5 42. Nxd5 Qxd5 43. Bf2 Qd1+ 44. Qe1 Re8 45. Qxd1 1-0

[Event "IECG CA.2002.0.00047 email"]
[Site "IECG email"]
[Date "2002.05.01"]
[Round "?"]
[White "Simenon, Stefan"]
[Black "Smith, Vine Jr"]
[Result "1/2-1/2"]
[WhiteElo "2028"]
[BlackElo "2044"]
[PlyCount "53"]
[EventDate "2002.05.01"]
[EventType "tourn (corr)"]
[EventRounds "6"]
[SourceTitle "Corr 2008"]
[Source "ChessBase"]
[SourceDate "2008.06.24"]
[SourceVersion "1"]
[SourceVersionDate "2008.06.24"]
[SourceQuality "1"]

1. d4 Nf6 2. c4 g6 3. Nc3 d5 4. cxd5 Nxd5 5. e4 Nxc3 6. bxc3 Bg7 7. Bc4 0-0 8. Ne2 c5 9. 0-0 Nc6 10. Be3 cxd4 11. cxd4 Na5 12. Bd3 b6 13. Rc1 e6 14. Qa4 Bd7 15. Qa3 Re8 16. Rfd1 Bf8 17. Qb2 Qe7 18. Nc3 Rec8 19. Nb5 Nc6 20. d5 exd5 21. exd5 Qe5 22. Qxe5 Nxe5 23. Bf1 Ng4 24. Bd4 Rxc1 25. Rxc1 Bxb5 26. Bxb5 Rd8 27. Bc6 1/2-1/2

[Event "IECG CA.2001.0.00023"]
[Site "IECG email"]
[Date "2001.10.22"]
[Round "?"]
[White "Simenon, Stefan"]
[Black "Rivera Martinez, Jose Manuel"]
[Result "1-0"]
[WhiteElo "2028"]
[BlackElo "2170"]
[PlyCount "41"]
[EventDate "2001.10.22"]
[EventType "tourn (corr)"]
[EventRounds "6"]
[SourceTitle "Corr 2008"]
[Source "ChessBase"]
[SourceDate "2008.06.24"]
[SourceVersion "1"]
[SourceVersionDate "2008.06.24"]
[SourceQuality "1"]

1. d4 Nf6 2. Nf3 g6 3. Bf4 Bg7 4. e3 0-0 5. h3 b6 6. Nbd2 Bb7 7. Be2 d6 8. a4 a6 9. 0-0 Nbd7 10. Nc4 c5 11. c3 Re8 12. Bh2 Rc8 13. Nfd2 d5 14. Ne5 Nxe5 15. Bxe5 Bh6 16. b4 Nd7 17. Bg3 cxd4 18. cxd4 e5 19. b5 a5 20. dxe5 Nxe5 21. Nf3 1-0